Country Chain – 6 Letters - Statistics

General Stats
  • This quiz has been taken 18 times
    10 since last reset
  • The average score is 18 of 23
Answer Stats
Answer % Correct
Brazil
100%
France
100%
France (Guiana)
100%
Angola
89%
Greece
89%
Poland
89%
Russia
89%
Zambia
89%
Belize
78%
Guyana
78%
Jordan
78%
Latvia
78%
Mexico
78%
Norway
78%
Sweden
78%
Turkey
78%
Israel
67%
Kosovo
67%
Monaco
67%
Rwanda
67%
Serbia
67%
Uganda
67%
Malawi
56%
No matching quizzes found
Score Distribution
Percent of People with Each Score
Percentile by Number Answered
Your Score History
You have not taken this quiz since the last reset